00372 2200145 4500001002100000005001500021035002000036245008100056100001700137300001200154260002600166082000800192084001400200990001200214INLIS00000000000188920250519080240 a0010-05250001811 aPintar Mengenal Seni & Budaya 34 Provinsi Di Indonesia /cSri Hartatik, S.Pd0 aSri Hartatik a128 hlm aSolo :bLingkar Media a700 a700 SRI p a0754828